1428 1630 1559 1223 1540 1374 1708 1777 1240 1945 1965 1728 1212 1715 1704 1632 1715 1662 1169 1300 1512 1954 1723 1647 1210 1537 1172 1481 1706 1178 1491 1542 1070 1480 1089 1950 1453 1822 1633 1140 1060 1016 1942 1616 1693 1057 1604 1390 1803 1915 1650 1493 1767 1279 1783 1241 1095 1074 1756 1685 1485 1633 1340 1764 1892 1035 1542 1644 1843 1708 1342 1468 1207 1475 1233 1412 1902 1808 1066 1385 1249 1500 1949 1099 1068 1417 1758 1849 1427 1929 1484 1379 1385 1628 1758 1411 1433 1798 1056 BCNSPRNW ULIB Ver.6.0+V

เปลี่ยนเป็นภาษาไทย

Change to English
 แสดงรายละเอียดบรรณานุกรม
  กลับหน้าหลัก

Brief Record : Get Marc (ISO 2709) : E-mail record : QR code < ปิดหน้าต่าง
LEADER : 00000nam 2200000uu 4500
001    13399113187
003     ULIB
008    110627s2541||||th 000 0 tha d
020    9789749698916
090    นว.^bจ892ก 25441
100 0  โจนาธาน สเตราด์
245 00 โกเล็มส์อาย ไตรภาคบาร์ติเมอัส = The Golem s eye/^cโจนาธาน สเตราด์
260    กรุงเทพฯ :^bเนชั่นบุ๊คส์,^c2541
300    620 หน้า
710 1  เนชั่นบุ๊คส์
945    ^p365^l0^i019609
995    ทศพร
999 ^a ใช้งานได้ทุกระบบ
รายการนี้ยังไม่มีแท็ก
คุณยังไม่ได้ล็อกอิน คุณสามารถมีกิจกรรมร่วมกับเว็บไซต์ได้ แต่ต้องล็อกอินก่อน ::
  ล็อกอิน

รายการสื่อสารสนเทศ

ลำดับที่ ประเภท เลขเรียก/บาร์โค้ด สถานที่ สถานะ
- ไม่พบข้อมูล -

BibComment


ยังไม่เคยถูกคอมเมนท์

คอมเมนท์ทรัพยากรรายการนี้
  คอมเมนท์: โกเล็มส์อาย ไตรภา..


 Copyright 2026. Bcnsprnw @Library